000 00771nam a2200229Ia 4500
003 OSt
005 20251104124813.0
008 220923b |||||||| |||| 00| 0 eng d
020 _a0415085187
037 _cGeneral Book
040 _aRTL
_cRTL
_beng
041 _2eng
_aeng
084 _aY:3(O111).2.N5, N6
_qRTL
100 _aSingh, Jyotsna G.
_9850095
245 0 _aColonial narratives/cultural dialogues: discoveries of India inthe language of colonialism
_b
260 _aLondon
_bRoutledge
_c1996
300 _aviii, 196 p.
_bIncludes bibliographical references and index.
500 _aBibliography chapterwise
650 _aLiterature Society
_9242438
942 _hY:3(O111).2.N5, N6
_cGB
_2CC
_n0
999 _c579226
_d579226